000 00237nam a2200109Ia 4500
008 220204s9999 xx 000 0 und d
082 _a82-3
_bMAR
100 _aWilliam
245 0 _aGelignite
260 _aLondon
_bPan
_c1978
942 _cBK
999 _c28815
_d28815